00558nam a22001577a 450000500170000001000150001702000260003203500140005803700130007224501140008526000370019927000920023630000300032850000190035870000230037720170421124657.0 aENG-117906 c980.00a9788184845754 aEN-101438 bDBAD/PUB aDevelopment of informal economy :cedited by Bharti Pandey [and] Subodh Kumar Sinhabproblems and challenges/ aNew DelhibRahul Composersc2016 aNew Highway Apartments, Lakshmi Niwas 760,Pocket-D, Lok Nayak Puram,bNew Delhie110041 axv,220p.:c22cm(Hb)bill. aincludes index aSinha,Subodh Kumar